Building information modelling guidance note (Record no. 114730)

MARC details
000 -LEADER
fixed length control field 00991cad a22002175a 4500
001 - CONTROL NUMBER
control field L157336
008 - FIXED-LENGTH DATA ELEMENTS--GENERAL INFORMATION
fixed length control field 121023s2012 xxkqr p 0 a0eng u
035 ## - SYSTEM CONTROL NUMBER
System control number (Sirsi) u157336
041 0# - LANGUAGE CODE
Language code of text/sound track or separate title eng
100 1# - MAIN ENTRY--PERSONAL NAME
Personal name Barnes, Rachel
110 2# - MAIN ENTRY--CORPORATE NAME
Corporate name or jurisdiction name as entry element Beale and Company Solicitors LLP
245 00 - TITLE STATEMENT
Title Building information modelling guidance note
Medium [electronic resource]
260 ## - PUBLICATION, DISTRIBUTION, ETC.
Place of publication, distribution, etc. London
Name of publisher, distributor, etc. Beale and Company Solicitors LLP
Date of publication, distribution, etc. 2012
520 ## - SUMMARY, ETC.
Summary, etc. Guidance on BIM in context of the drive by both the private sector and the public sector for increased use of Building information modelling on construction projects, with the UK government aiming to use BIM on all centrally procured construction projects by 2016. Asks what is BIM and what risks it involves.
590 ## - LOCAL NOTE (RLIN)
Local note KA
651 #4 - SUBJECT ADDED ENTRY--GEOGRAPHIC NAME
Geographic name United Kingdom
Chronological subdivision
690 ## - LOCAL SUBJECT ADDED ENTRY--TOPICAL TERM (OCLC, RLIN)
Topical term or geographic name as entry element BIM
9 (RLIN) 6219
700 1# - ADDED ENTRY--PERSONAL NAME
Personal name Croft, Andrew
856 40 - ELECTRONIC LOCATION AND ACCESS
Uniform Resource Identifier <a href="https://www.beale-law.com/uploads/04-09-12-BIM-Guidance-note-Beale.pdf">https://www.beale-law.com/uploads/04-09-12-BIM-Guidance-note-Beale.pdf</a>
Public note View the item free here www.beale-law.com
942 ## - ADDED ENTRY ELEMENTS (KOHA)
Suppress in OPAC 0
Holdings
Withdrawn status Lost status Source of classification or shelving scheme Damaged status Not for loan Home library Current library Shelving location Date acquired Total Checkouts Full call number Barcode Date last seen Copy number Price effective from Koha item type
    Dewey Decimal Classification     Virtual Virtual Online 23/10/2012   ONLINE PUBLICATION 157336-2001 06/08/2019 1 06/08/2019 Book